Doprastav závodný časopis Doprastavu n. p. Bratislava

Podrobná bibliografia
Predchádzajúci názov:Ingstav
Vodostav
Médium: Časopis
Jazyk:slovenčina
Fyzický popis:zv. 30-46 cm
Vydavateľské údaje: Bratislava ZO KSS a ZR ROH pri Doprastave, n.p. 1953-2015
Bratislava Doprastav, n.p.
ISSN:0323-2174
Predmet:

MARC

LEADER 00000cas a2200000 a 4500
001 vtls008702530
003 SK-MaSNL
005 20260228155918.0
008 060522d19532015xo er|p 0 b0slo
022 |a 0323-2174 
040 |a SNK  |b slo  |c SNK  |e AACR2 
041 0 |a slo 
072 7 |a 625  |x Pozemné komunikácie. Železničné staviteľstvo  |2 konspekt 
072 7 |a 69  |x Stavebníctvo  |2 konspekt 
080 |a 050  |2 2001 
080 |a 69  |2 2001 
080 |a 625  |2 2001 
210 0 |a Doprastav  |b (Bratisl.) 
222 0 |a Doprastav  |b (Bratislava) 
245 0 0 |a Doprastav  |b závodný časopis Doprastavu n. p. Bratislava 
260 |a Bratislava  |b ZO KSS a ZR ROH pri Doprastave, n.p.  |c 1953-2015 
260 3 |3 15/1967-  |a Bratislava  |b Doprastav, n.p. 
300 |a zv.  |c 30-46 cm 
310 |a 2x mesačne 
321 |a 1x týždenne  |b 1961- 
321 |a 2x mesačne  |b 1960 
321 |a 1x týždenne  |b 7/1956-1959 
321 |a 2x mesačne  |b 1953-6/1956 
362 0 |a Roč. 2, č. 1 (1953)- 
500 |a Podnázov sa mení 
500 |a Redaktori sa menia 
500 |a Vych. ako pokračovanie čas. Ingstav 
650 0 7 |a dopravné stavby  |2 SNKPH  |9 30389 
650 0 7 |a stavebníctvo  |2 SNKPH  |9 726 
655 7 |a podnikové časopisy  |2 SNKPH  |9 265225 
780 0 0 |t Ingstav  |w vtls010301386 
780 0 5 |t Vodostav  |w vtls010302518 
910 |a snk 
916 |a 1953-2013 
999 |c 873  |d 873 
952 |0 0  |1 0  |4 0  |7 0  |8 0  |a SNK  |b SNK  |d 2020-12-03  |i snkČSP 1646/61  |l 0  |o snkČSA 338/9/1960 D1  |p 17A1432623  |r 2026-02-21 19:24:35  |t č. 1-24  |w 2026-02-21  |y PREZ 
952 |0 0  |1 0  |4 0  |7 0  |a SNK  |b SNK  |d 1997-09-22  |f 1  |i snkČSP 1287/91  |l 0  |o snkČSA 338/38/1990  |p 17A0093003  |r 2005-01-02 00:00:00  |t č. 1-52  |w 2026-02-21  |y PREZ 
952 |0 0  |1 0  |4 0  |7 0  |a SNK  |b SNK  |d 2015-01-19  |f 1  |i snkČSP 3518/93  |l 0  |o snkČSA 338/2/1992  |p 17A0757904  |r 2026-02-21 20:51:58  |t č. 1-48  |w 2026-02-21  |y PREZ 
952 |0 0  |1 0  |4 0  |7 0  |a SNK  |b SNK  |d 2015-01-15  |f 1  |i snkII. 599/55  |l 0  |o snkČSA 338/3/1954  |p 17A0764487  |r 2026-02-21 20:51:58  |t č. 1-24  |w 2026-02-21  |y PREZ 
952 |0 0  |1 0  |4 0  |7 0  |a SNK  |b SNK  |d 2015-01-15  |f 1  |i snk199/56  |l 0  |o snkČSA 338/4/1955  |p 17A0764486  |r 2026-02-21 20:51:58  |t č. 1-23  |w 2026-02-21  |y PREZ 
952 |0 0  |1 0  |4 0  |7 0  |a SNK  |b SNK  |d 2015-01-15  |f 1  |i snkČSP 180/57  |l 0  |o snkČSA 338/5/1956  |p 17A0764485  |r 2026-02-21 20:51:58  |t č. 1-42  |w 2026-02-21  |y PREZ 
952 |0 0  |1 0  |4 0  |7 0  |a SNK  |b SNK  |d 2015-01-15  |f 1  |i snkČSP 89/58  |l 0  |o snkČSA 338/6/1957  |p 17A0764484  |r 2026-02-21 20:51:58  |t č. 1-46  |w 2026-02-21  |y PREZ  |z č. 40 nevyšlo 
952 |0 0  |1 0  |4 0  |7 0  |a SNK  |b SNK  |d 2015-01-15  |f 1  |i snkČSP 95/59  |l 0  |o snkČSA 338/7/1958  |p 17A0764483  |r 2026-02-21 20:51:58  |t č. 1-43  |w 2026-02-21  |y PREZ 
952 |0 0  |1 0  |4 0  |7 0  |a SNK  |b SNK  |d 2015-01-15  |f 1  |l 0  |o snkČSA 338/8/1959  |p 17A0764482  |r 2026-02-21 20:51:58  |t č. 1-27  |w 2026-02-21  |y PREZ  |z prír.č. orezané 
952 |0 0  |1 0  |4 0  |7 0  |a SNK  |b SNK  |d 2015-01-15  |f 1  |i snkČSP 1645/61  |l 0  |o snkČSA 338/9/1960  |p 17A0764481  |r 2026-02-21 20:51:58  |t č. 1-24  |w 2026-02-21  |y PREZ 
952 |0 0  |1 0  |4 0  |7 0  |a SNK  |b SNK  |d 2015-01-15  |f 1  |i snkČSP 13/62  |l 0  |o snkČSA 338/10/1961  |p 17A0764526  |r 2026-02-21 20:51:58  |t č. 1-52  |w 2026-02-21  |y PREZ 
952 |0 0  |1 0  |4 0  |7 0  |a SNK  |b SNK  |d 2015-01-15  |f 1  |i snkČSP 358/63  |l 0  |o snkČSA 338/11/1962  |p 17A0764480  |r 2026-02-21 20:51:58  |t č. 1-52  |w 2026-02-21  |y PREZ 
952 |0 0  |1 0  |4 0  |7 0  |a SNK  |b SNK  |d 2015-01-15  |f 1  |i snkČSP 293/64  |l 0  |o snkČSA 338/12/1963  |p 17A0764541  |r 2026-02-21 20:51:58  |t č. 1-52  |w 2026-02-21  |y PREZ 
952 |0 0  |1 0  |4 0  |7 0  |a SNK  |b SNK  |d 2015-01-15  |f 1  |i snkČSP 570/65  |l 0  |o snkČSA 338/13/1964  |p 17A0764479  |r 2026-02-21 20:51:58  |t č. 1-53  |w 2026-02-21  |y PREZ 
952 |0 0  |1 0  |4 0  |7 0  |a SNK  |b SNK  |d 2015-01-15  |f 1  |i snkČSP 155/66  |l 0  |o snkČSA 338/14/1965  |p 17A0764478  |r 2026-02-21 20:51:58  |t č. 1-52  |w 2026-02-21  |y PREZ 
952 |0 0  |1 0  |4 0  |7 0  |a SNK  |b SNK  |d 2015-01-15  |f 1  |i snkČSP 943/67  |l 0  |o snkČSA 338/15/1966  |p 17A0764477  |r 2026-02-21 20:51:58  |t č. 1-52  |w 2026-02-21  |y PREZ 
952 |0 0  |1 0  |4 0  |7 0  |a SNK  |b SNK  |d 2015-01-15  |f 1  |i snkČSP 288/68  |l 0  |o snkČSA 338/16/1967  |p 17A0764476  |r 2026-02-21 20:51:58  |t č. 1-52  |w 2026-02-21  |y PREZ 
952 |0 0  |1 0  |4 0  |7 0  |a SNK  |b SNK  |d 2015-01-15  |f 1  |i snkČSP 618/69  |l 0  |o snkČSA 338/17/1968  |p 17A0764475  |r 2026-02-21 20:51:59  |t č. 1-52  |w 2026-02-21  |y PREZ 
952 |0 0  |1 0  |4 0  |7 0  |a SNK  |b SNK  |d 2015-01-15  |f 1  |i snkČSP 55/71  |l 0  |o snkČSA 338/18/1970  |p 17A0764473  |r 2026-02-21 20:51:59  |t č. 1-52  |w 2026-02-21  |y PREZ 
952 |0 0  |1 0  |4 0  |7 0  |a SNK  |b SNK  |d 2015-01-15  |f 1  |i snkČSP 281/70  |l 0  |o snkČSA 338/17/1969  |p 17A0764474  |r 2026-02-21 20:51:59  |t č. 1-51  |w 2026-02-21  |y PREZ 
952 |0 0  |1 0  |4 0  |7 0  |a SNK  |b SNK  |d 2015-01-15  |f 1  |l 0  |o snkČSA 338/19/1971  |p 17A0764472  |r 2026-02-21 20:51:59  |t č. 1-52  |w 2026-02-21  |y PREZ  |z prír. č. orezané 
952 |0 0  |1 0  |4 0  |7 0  |a SNK  |b SNK  |d 2015-01-14  |f 1  |i snk852/54  |l 0  |o snkČSA 338/2/1953  |p 17A0764488  |r 2026-02-21 20:52:04  |t č. 1-20  |w 2026-02-21  |y PREZ 
952 |0 0  |1 0  |4 0  |7 0  |8 0  |a SNK  |b SNK  |d 2015-01-14  |f 1  |i snk2015/897  |l 0  |o snkČSA 338/9/1999  |p 17A1047119  |r 2026-02-21 20:52:04  |t č. 1-21  |w 2026-02-21  |y PREZ 
952 |0 0  |1 0  |4 0  |7 0  |8 0  |a SNK  |b SNK  |d 2015-01-14  |f 1  |i snk2015/901  |l 0  |o snkČSA 338/10/2000  |p 17A1047120  |r 2026-02-21 20:52:04  |t č. 1-24  |w 2026-02-21  |y PREZ 
952 |0 0  |1 0  |4 0  |7 0  |8 0  |a SNK  |b SNK  |d 2015-01-14  |f 1  |i snk2015/904  |l 0  |o snkČSA 338/11/2001  |p 17A1047121  |r 2026-02-21 20:52:04  |t č. 1-24  |w 2026-02-21  |y PREZ 
952 |0 0  |1 0  |4 0  |7 0  |8 0  |a SNK  |b SNK  |d 2015-01-14  |f 1  |i snk2015/907  |l 0  |o snkČSA 338/12/2002  |p 17A1047122  |r 2026-02-21 20:52:04  |t č. 1-23, neúpl.  |w 2026-02-21  |y PREZ  |z chýba č. 14 
952 |0 0  |1 0  |4 0  |7 0  |8 0  |a SNK  |b SNK  |d 2015-01-14  |f 1  |i snk2015/910  |l 0  |o snkČSA 338/13/2003  |p 17A1047123  |r 2026-02-21 20:52:04  |t č. 1-24, neúpl.  |w 2026-02-21  |y PREZ  |z chýba č. 15 
952 |0 0  |1 0  |4 0  |7 0  |8 0  |a SNK  |b SNK  |d 2015-01-14  |f 1  |i snk2015/911  |l 0  |o snkČSA 338/14/2004  |p 17A1047124  |r 2026-02-21 20:52:04  |t č. 1-24  |w 2026-02-21  |y PREZ 
952 |0 0  |1 0  |4 0  |7 0  |8 0  |a SNK  |b SNK  |d 2015-01-14  |f 1  |i snk2015/915  |l 0  |o snkČSA 338/15/2005  |p 17A1047125  |r 2026-02-21 20:52:04  |t č. 1-26  |w 2026-02-21  |y PREZ 
952 |0 0  |1 0  |4 0  |7 0  |8 0  |a SNK  |b SNK  |d 2015-01-14  |f 1  |i snk2015/937  |l 0  |o snkČSA 338/16/2006  |p 17A1047126  |r 2026-02-21 20:52:04  |t č. 1-25  |w 2026-02-21  |y PREZ 
952 |0 0  |1 0  |4 0  |7 0  |8 0  |a SNK  |b SNK  |d 2015-01-14  |f 1  |i snk2015/939  |l 0  |o snkČSA 338/53/2007  |p 17A1047127  |r 2026-02-21 20:52:04  |t č. 1-25  |w 2026-02-21  |y PREZ 
952 |0 0  |1 0  |4 0  |7 0  |8 0  |a SNK  |b SNK  |d 2015-01-14  |f 1  |i snk2015/941  |l 0  |o snkČSA 338/54/2008  |p 17A1047128  |r 2026-02-21 20:52:04  |t č. 1-25  |w 2026-02-21  |y PREZ 
952 |0 0  |1 0  |4 0  |7 0  |a SNK  |b SNK  |d 2015-01-19  |f 1  |i snkČSP 3573/94  |l 0  |o snkČSA 338/3/1993  |p 17A0757881  |r 2026-02-21 20:52:04  |t č. 1-22  |w 2026-02-21  |y PREZ 
952 |0 0  |1 0  |4 0  |7 0  |a SNK  |b SNK  |d 2015-01-19  |f 1  |i snkČSP 4114/99  |l 0  |o snkČSA 338/4/1994  |p 17A0757878  |r 2026-02-21 20:52:04  |t č. 1-22  |w 2026-02-21  |y PREZ 
952 |0 0  |1 0  |4 0  |7 0  |a SNK  |b SNK  |d 2015-01-19  |f 1  |i snkČSP 4112/99  |l 0  |o snkČSA 338/5/1995  |p 17A0757877  |r 2026-02-21 20:52:04  |t č. 1-22  |w 2026-02-21  |y PREZ 
952 |0 0  |1 0  |4 0  |7 0  |a SNK  |b SNK  |d 2015-01-19  |f 1  |i snkČSP 4110/99  |l 0  |o snkČSA 338/6/1996  |p 17A0757888  |r 2026-02-21 20:52:04  |t č. 1-23  |w 2026-02-21  |y PREZ 
952 |0 0  |1 0  |4 0  |7 0  |a SNK  |b SNK  |d 2015-01-19  |f 1  |i snkČSP 4108/99  |l 0  |o snkČSA 338/7/1997  |p 17A0757887  |r 2026-02-21 20:52:04  |t č. 1-25  |w 2026-02-21  |y PREZ 
952 |0 0  |1 0  |4 0  |7 0  |a SNK  |b SNK  |d 2015-01-19  |f 1  |i snkČSP 4104/99  |l 0  |o snkČSA 338/8/1998  |p 17A0757880  |r 2026-02-21 20:52:05  |t č. 1-23  |w 2026-02-21  |y PREZ 
952 |0 0  |1 0  |4 0  |7 0  |a SNK  |b SNK  |d 2015-01-15  |f 1  |i snkČSP 263/73  |l 0  |o snkČSA 338/20/1972  |p 17A0764471  |r 2026-02-21 20:52:05  |t č. 1-52  |w 2026-02-21  |y PREZ 
952 |0 0  |1 0  |4 0  |7 0  |a SNK  |b SNK  |d 2015-01-15  |f 1  |i snkČSP 318/74  |l 0  |o snkČSA 338/21/1973  |p 17A0764470  |r 2026-02-21 20:52:05  |t č. 1-52  |w 2026-02-21  |y PREZ 
952 |0 0  |1 0  |4 0  |7 0  |a SNK  |b SNK  |d 2015-01-15  |f 1  |i snkČSP 166/75  |l 0  |o snkČSA 338/22/1974  |p 17A0764527  |r 2026-02-21 20:52:05  |t č. 1-52  |w 2026-02-21  |y PREZ 
952 |0 0  |1 0  |4 0  |7 0  |a SNK  |b SNK  |d 2015-01-15  |f 1  |i snkČSP 223/76  |l 0  |o snkČSA 338/23/1975  |p 17A0764528  |r 2026-02-21 20:52:05  |t č. 1-52  |w 2026-02-21  |y PREZ 
952 |0 0  |1 0  |4 0  |7 0  |a SNK  |b SNK  |d 2015-01-15  |f 1  |i snkČSP 260/77  |l 0  |o snkČSA 338/24/1976  |p 17A0764529  |r 2026-02-21 20:52:05  |t č. 1-52  |w 2026-02-21  |y PREZ 
952 |0 0  |1 0  |4 0  |7 0  |a SNK  |b SNK  |d 2015-01-16  |f 1  |i snkČSP 2487/87  |l 0  |o snkČSA 338/34/1986  |p 17A0757868  |r 2026-02-21 20:52:08  |t č. 1-52  |w 2026-02-21  |y PREZ 
952 |0 0  |1 0  |4 0  |7 0  |a SNK  |b SNK  |d 2015-01-16  |f 1  |i snkČSP 4491/88  |l 0  |o snkČSA 338/35/1987  |p 17A0763907  |r 2026-02-21 20:52:08  |t č. 1-52  |w 2026-02-21  |y PREZ 
952 |0 0  |1 0  |4 0  |7 0  |a SNK  |b SNK  |d 2015-01-16  |f 1  |i snkČSP 3111/89  |l 0  |o snkČSA 338/36/1988  |p 17A0763918  |r 2026-02-21 20:52:08  |t č. 1-52  |w 2026-02-21  |y PREZ 
952 |0 0  |1 0  |4 0  |7 0  |a SNK  |b SNK  |d 2015-01-16  |f 1  |i snkČSP 1429/90  |l 0  |o snkČSA 338/37/1989  |p 17A0763949  |r 2026-02-21 20:52:08  |t č. 1-52  |w 2026-02-21  |y PREZ 
952 |0 0  |1 0  |4 0  |7 0  |a SNK  |b SNK  |d 2015-01-16  |f 1  |i snkČSP 4139/92  |l 0  |o snkČSA 338/39/1991  |p 17A0757883  |r 2026-02-21 20:52:08  |t č. 1-12  |w 2026-02-21  |y PREZ 
952 |0 0  |1 0  |4 0  |7 0  |a SNK  |b SNK  |d 2015-01-16  |f 1  |i snkČSP 3524/93  |l 0  |o snkČSA 338/1/1991  |p 17A0757889  |r 2026-02-21 20:52:08  |t č. 1-38, neúpl.  |w 2026-02-21  |y PREZ  |z chýba č. 9 
952 |0 0  |1 0  |4 0  |7 0  |8 0  |a SNK  |b SNK  |d 2015-01-14  |f 1  |i snk2015/944  |l 0  |o snkČSA 338/55/2009  |p 17A1047129  |r 2026-02-21 20:52:11  |t č. 1-22  |w 2026-02-21  |y PREZ 
952 |0 0  |1 0  |4 0  |7 0  |8 0  |a SNK  |b SNK  |d 2015-01-14  |f 1  |i snk2015/945  |l 0  |o snkČSA 338/56/2010  |p 17A1047130  |r 2026-02-21 20:52:11  |t č. 1-22  |w 2026-02-21  |y PREZ 
952 |0 0  |1 0  |4 0  |7 0  |8 0  |a SNK  |b SNK  |d 2015-01-14  |f 1  |i snk2015/960  |l 0  |o snkČSA 338/57/2011  |p 17A1047131  |r 2026-02-21 20:52:11  |t č. 1-9  |w 2026-02-21  |y PREZ 
952 |0 0  |1 0  |4 0  |7 0  |8 0  |a SNK  |b SNK  |d 2015-01-14  |f 1  |i snk2015/970  |l 0  |o snkČSA 338/58/2012  |p 17A1047132  |r 2026-02-21 20:52:11  |t č. 1-9  |w 2026-02-21  |y PREZ 
952 |0 0  |1 0  |4 0  |7 0  |8 0  |a SNK  |b SNK  |d 2015-01-14  |f 1  |i snk2015/972  |l 0  |o snkČSA 338/59/2013  |p 17A1047133  |r 2026-02-21 20:52:11  |t č. 1-6  |w 2026-02-21  |y PREZ 
952 |0 0  |1 0  |4 0  |7 0  |a SNK  |b SNK  |d 2015-01-16  |f 1  |i snkČSP 526/77  |l 0  |o snkČSA 338/25/1977  |p 17A0764544  |r 2026-02-21 20:52:16  |t č. 1-52  |w 2026-02-21  |y PREZ 
952 |0 0  |1 0  |4 0  |7 0  |a SNK  |b SNK  |d 2015-01-16  |f 1  |i snkČSP 135/78  |l 0  |o snkČSA 338/26/1978  |p 17A0764543  |r 2026-02-21 20:52:16  |t č. 1-52  |w 2026-02-21  |y PREZ 
952 |0 0  |1 0  |4 0  |7 0  |a SNK  |b SNK  |d 2015-01-16  |f 1  |i snkČSP 165/80  |l 0  |o snkČSA 338/27/1979  |p 17A0764415  |r 2026-02-21 20:52:16  |t č. 1-52  |w 2026-02-21  |y PREZ 
952 |0 0  |1 0  |4 0  |7 0  |a SNK  |b SNK  |d 2015-01-16  |f 1  |i snkČSP 122/81  |l 0  |o snkČSA 338/29[28]/1980  |p 17A0764540  |r 2026-02-21 20:52:16  |t č. 1-52  |w 2026-02-21  |y PREZ 
952 |0 0  |1 0  |4 0  |7 0  |a SNK  |b SNK  |d 2015-01-16  |f 1  |i snkČSP 261/82  |l 0  |o snkČSA 338/30[29]/1981  |p 17A0757945  |r 2026-02-21 20:52:16  |t č. 1-52  |w 2026-02-21  |y PREZ 
952 |0 0  |1 0  |4 0  |7 0  |a SNK  |b SNK  |d 2015-01-16  |f 1  |i snkČSP 379/83  |l 0  |o snkČSA 338/30/1982  |p 17A0757944  |r 2026-02-21 20:52:16  |t č. 1-52  |w 2026-02-21  |y PREZ 
952 |0 0  |1 0  |4 0  |7 0  |a SNK  |b SNK  |d 2015-01-16  |f 1  |i snkČSP 544/84  |l 0  |o snkČSA 338/31/1983  |p 17A0757940  |r 2026-02-21 20:52:16  |t č. 1-52  |w 2026-02-21  |y PREZ 
952 |0 0  |1 0  |4 0  |7 0  |a SNK  |b SNK  |d 2015-01-16  |f 1  |i snkČSP 457/85  |l 0  |o snkČSA 338/32/1984  |p 17A0757941  |r 2026-02-21 20:52:16  |t č. 1-52  |w 2026-02-21  |y PREZ 
952 |0 0  |1 0  |4 0  |7 0  |a SNK  |b SNK  |d 2015-01-16  |f 1  |i snkČSP 3363/86  |l 0  |o snkČSA 338/33/1985  |p 17A0757860  |r 2026-02-21 20:52:18  |t č. 1-52  |w 2026-02-21  |y PREZ